| 000 -ლიდერი |
| ფიქსირებული სიგრძის საკონტროლო ველი |
01199nam a22002297a 4500 |
| 003 - საკონტროლო ნომრის იდენტიფიკატორი |
| საკონტროლო ველი |
Ge_BSU |
| 005 - ბოლო ოპერაციის თარიღი და დრო |
| საკონტროლო ველი |
20251103201626.0 |
| 008 - ფიქსირებული სიგრძის მონაცემთა ელემენტები - ზოგადი ინფორმაცია |
| ფიქსირებული სიგრძის საკონტროლო ველი |
251103s2004 ge ||||| |||| 00| 0 geo d |
| 020 ## - წიგნის საერთაშორისო სტანდარტული ნომერი |
| International Standard Book Number |
9994075675 |
| 041 ## - ენის კოდი |
| Language code of text/sound track or separate title |
geo |
| 080 ## - უნივერსალური ათობითი კლასიფიკაციის ინდექსი |
| Universal Decimal Classification number |
330.8 ჰ-40 |
| 100 ## - მთავარი ჩანაწერი - პიროვნების სახელი |
| Personal name |
ჰეინე, პოლ |
| 9 (RLIN) |
25374 |
| 245 ## - ცნობა სათაურის შესახებ |
| Title |
აზროვნების ეკონომიკური წესი / |
| Statement of responsibility, etc |
პოლ ჰეინე; [მთარგმნ.: რუსუდან გოცირიძე; რედ.: ზაურ ჩქვანავა, ნოდარ მანჩხაშვილი]. |
| 264 ## - წარმოების, გამოცემის, დისტრიბუციის და სხვა ცნობები |
| გამოცემის, წარმოების, დისტრიბუციის... ადგილი |
თბ. : |
| გამოცემის, წარმოების, დისტრიბუციის... სახელწოდება |
მარჯი, |
| გამოცემის, წარმოების, დისტრიბუციის... თარიღი |
2004. |
| 300 ## - ფიზიკური აღწერა |
| Extent |
497გვ. : |
| Other physical details |
ნახ., ცხრ. ; |
| Dimensions |
29 სმ. |
| 653 ## - INDEX TERM--UNCONTROLLED |
| Uncontrolled term |
ეკონომიკური თეორიები |
| 653 ## - INDEX TERM--UNCONTROLLED |
| Uncontrolled term |
ეკონომიკური აზრის ისტორია |
| 700 ## - ADDED ENTRY--PERSONAL NAME |
| Personal name |
ჩქვანავა, ზაურ |
| Relator term |
რედაქტორი |
| 9 (RLIN) |
26151 |
| 700 ## - ADDED ENTRY--PERSONAL NAME |
| Personal name |
მანჩხაშვილი, ნოდარ |
| Relator term |
რედაქტორი |
| 9 (RLIN) |
394 |
| 700 ## - ADDED ENTRY--PERSONAL NAME |
| Personal name |
გოცირიძე, რუსუდან |
| Relator term |
მთარგმნელი |
| 9 (RLIN) |
26152 |
| 942 ## - ADDED ENTRY ELEMENTS (KOHA) |
| Source of classification or shelving scheme |
|
| Koha item type |
წიგნი |